[Event "73rd City-ch"]
[Site "St Petersburg RUS"]
[Date "2000.04.09"]
[Round "7"]
[White "Lugovoi,A"]
[Black "Popov,Val"]
[Result "1/2-1/2"]
[WhiteElo "2515"]
[BlackElo "2534"]

1.d4 d5 2.c4 c6 3.Nf3 Nf6 4.Nc3 dxc4 5.a4 Bf5 6.e3 e6 7.Bxc4 Bb4 8.O-O Nbd7
9.Qe2 O-O 10.e4 Bg6 11.Bd3 h6 12.Rd1 a6 13.e5 Nd5 14.Bxg6 fxg6 15.Rd3 Nf4
16.Bxf4 Rxf4 17.Qc2 g5 18.Ne2 Rf7 19.Nd2 Nb6 20.Nc4 Nd5 21.Ng3 Bf8 22.Rd2 Rf4
23.Ne2 Rf7 24.Ng3 Rf4  1/2-1/2

[Event "FSIMB April"]
[Site "Budapest HUN"]
[Date "2000.04.11"]
[Round "11"]
[White "Dudas,Jano"]
[Black "Karttunen,M"]
[Result "1/2-1/2"]
[WhiteElo "2321"]
[BlackElo "2313"]

1.d4 d5 2.c4 c6 3.Nf3 Nf6 4.Nc3 dxc4 5.a4 Bf5 6.e3 e6 7.Bxc4 Bb4 8.O-O O-O
9.Nh4 Nbd7 10.Qb3 Qb6 11.Nxf5 exf5 12.Bd2 a5 13.Rfd1 Bd6 14.Rac1 Qxb3 15.Bxb3 Nb6
16.Rc2 Bb4 17.Rdc1 Rfd8 18.g3 Rd7 19.Na2 Bxd2 20.Rxd2 Nbd5 21.Rdc2 g6  1/2-1/2

[Event "73rd City-ch"]
[Site "St Petersburg RUS"]
[Date "2000.04.13"]
[Round "11"]
[White "Lugovoi,A"]
[Black "Solozhenkin,E"]
[Result "1-0"]
[WhiteElo "2515"]
[BlackElo "2528"]

1.d4 d5 2.c4 c6 3.Nf3 Nf6 4.Nc3 dxc4 5.a4 Bf5 6.e3 e6 7.Bxc4 Bb4 8.O-O O-O
9.Qe2 Nbd7 10.e4 Bg6 11.Bd3 Bh5 12.Bf4 Re8 13.e5 Nd5 14.Nxd5 cxd5 15.h3 a6
16.g4 Bg6 17.h4 Rc8 18.h5 Bxd3 19.Qxd3 Rc4 20.Rfc1 Nc5 21.Qe3 Rxc1+ 22.Rxc1 Ne4
23.Qb3 Qa5 24.Qc2 h6 25.Kg2 Be7 26.Ne1 Qb6 27.f3 Bg5 28.Bxg5 Nxg5 29.Qc3 a5
30.Nd3 Qa6 31.Qa3 b6 32.Qc3 Rb8 33.Kf2 b5 34.Qc7 Qb6 35.Qxb6 Rxb6 36.Rc8+ Kh7
37.Nc5  1-0

[Event "Women's Open"]
[Site "St Petersburg RUS"]
[Date "2000.04.14"]
[Round "8"]
[White "Slavina,I"]
[Black "Mashinskaya,I"]
[Result "1/2-1/2"]
[WhiteElo "2261"]
[BlackElo "2381"]

1.d4 d5 2.Nf3 Nf6 3.c4 c6 4.Nc3 dxc4 5.a4 Bf5 6.e3 e6 7.Bxc4 Bb4 8.O-O Nbd7
9.Nh4 O-O 10.Nxf5 exf5 11.Qb3 Qb6 12.Na2 Bd6 13.Qc2 g6 14.Nc3 a5 15.Bd2 Rfe8
16.Bd3 Rac8 17.Rac1  1/2-1/2

[Event "53rd ch-YUG (women)"]
[Site "Herceg Novi YUG"]
[Date "2000.04.17"]
[Round "8"]
[White "Prudnikova,S"]
[Black "Stoisavljevic,S"]
[Result "1-0"]
[WhiteElo "2421"]
[BlackElo "2088"]

1.d4 d5 2.c4 c6 3.Nf3 Nf6 4.Nc3 dxc4 5.a4 Bf5 6.e3 e6 7.Bxc4 Nbd7 8.O-O Be7
9.Qe2 O-O 10.e4 Bg6 11.Rd1 Qc7 12.Bg5 Rfe8 13.Rac1 Qa5 14.Bd2 Bb4 15.e5 Nd5
16.Nh4 N7b6 17.Bb3 Nxc3 18.bxc3 Ba3 19.c4 Qa6 20.Rc3 Bb2 21.Rh3 Bxd4 22.Nxg6 hxg6
23.Qe4 Bxe5 24.Qxe5 Nxc4 25.Bxc4 Qxc4 26.Bh6 gxh6 27.Rxh6  1-0

[Event "Julian Borowski A"]
[Site "Essen GER"]
[Date "2000.05.03"]
[Round "6"]
[White "Dautov,R"]
[Black "Huebner,R"]
[Result "1/2-1/2"]
[WhiteElo "2602"]
[BlackElo "2620"]

1.d4 d5 2.c4 c6 3.Nf3 Nf6 4.Nc3 dxc4 5.a4 Bf5 6.e3 e6 7.Bxc4 Bb4 8.O-O Nbd7
9.Nh4 O-O 10.Qb3 Qb6 11.h3 Rad8 12.Rd1 a5 13.Bd2 Qc7 14.Rac1 Nb6 15.Bf1 Qe7
16.g3 h6 17.Nxf5 exf5 18.Bg2 g6 19.Rc2 Qe6 20.Qxe6 fxe6 21.b3 Rfe8 22.Ne2 Nbd5
23.Bxb4 Nxb4 24.Rc5 Ra8 25.Nf4 Kf7 26.Nd3 Nxd3 27.Rxd3 Ke7 28.f4 g5  1/2-1/2

[Event "New York Open"]
[Site "New York USA"]
[Date "2000.05.06"]
[Round "3"]
[White "Bu Xiangzhi"]
[Black "Koenig,Da"]
[Result "1-0"]
[WhiteElo "2565"]
[BlackElo "2236"]

1.d4 d5 2.c4 c6 3.Nf3 Nf6 4.Nc3 dxc4 5.a4 Bf5 6.Ne5 e6 7.e3 Bb4 8.Bxc4 Nbd7
9.Nxd7 Qxd7 10.O-O O-O 11.Qb3 Bd6 12.Rd1 Qe7 13.f3 Qc7 14.h3 e5 15.dxe5 Bxe5
16.e4 Bg6 17.Ne2 Nh5 18.Be3 b6 19.Rac1 Rad8 20.Bd5 c5 21.Rd2 Nf6 22.Rcd1 Nxd5
23.Rxd5 c4 24.Qb5 Rxd5 25.Rxd5 f6 26.Rd7 a6 27.Qd5+ Bf7 28.Rxc7 Bxd5 29.Ra7 Ra8
30.Bxb6 Rxa7 31.Bxa7 Bc6 32.Bd4 Bxd4+ 33.Nxd4 Bxa4 34.Kf2 Kf7 35.Ke3 Bd7
36.Kd2 Kg6 37.h4 Kh5 38.g3 Bh3 39.Nf5 Kg6 40.Ne3 Kf7 41.Kc3 g5 42.hxg5 fxg5
43.g4 Ke6 44.Kd4 h6 45.Kxc4 Ke5 46.Kd3 h5 47.gxh5 Be6 48.Ng4+ Kf4 49.h6 Bg8
50.Nf6  1-0

[Event "Japfa Open"]
[Site "Bali INA"]
[Date "2000.05.11"]
[Round "9"]
[White "Barus,C"]
[Black "Majella,Y"]
[Result "1-0"]
[WhiteElo "2445"]
[BlackElo "2325"]

1.d4 d5 2.c4 c6 3.Nf3 Nf6 4.Nc3 dxc4 5.a4 Bf5 6.e3 e6 7.Bxc4 Nbd7 8.O-O Bb4
9.Qe2 Bg6 10.e4 O-O 11.Bd3 h6 12.Rd1 Qa5 13.e5 Bxd3 14.Rxd3 Nh7 15.Ne4 Rad8
16.Qc2 Qd5 17.Rb3 a5 18.Bd2 c5 19.dxc5 Nxe5 20.Nxe5 Bxd2 21.Nxd2 Qxe5 22.Ne4 Rd4
23.Nd6 Qd5 24.Rf1 Rb8 25.Rb6 Ng5 26.f3 Rd2 27.Qc4 Qe5 28.Kh1 Rd4 29.Qc1 Qd5
30.c6 Qxd6 31.c7 Qf8 32.cxb8=Q Qxb8 33.Rd1 Rh4 34.Rbd6  1-0

[Event "ch-TKM"]
[Site "Ashgabat TKM"]
[Date "2000.05.14"]
[Round "3"]
[White "Kakageldyev,A"]
[Black "Aliev,K"]
[Result "1/2-1/2"]
[WhiteElo "2491"]
[BlackElo "2328"]

1.d4 d5 2.c4 c6 3.Nf3 Nf6 4.Nc3 dxc4 5.a4 Bf5 6.e3 e6 7.Bxc4 Bb4 8.O-O Nbd7
9.Qe2 Ne4 10.Nxe4 Bxe4 11.Rd1 O-O 12.Ne1 Qh4 13.f3 Bd5 14.Bd3 e5 15.e4 Be6
16.Nc2 Bd6 17.g3 Qe7 18.f4 f6 19.Be3 exf4 20.gxf4 f5 21.e5 Bc7 22.a5 a6 23.Bd2 Rf7
24.Rf1 Rd8 25.Bb4 Qe8 26.Ne1 Nf8 27.Bc5 Nd7 28.Bb4 Nf8 29.Bc3 Ng6 30.Bc4 Qd7
31.Rd1 Ne7 32.Bb4  1/2-1/2

[Event "ch-IND"]
[Site "Mumbai IND"]
[Date "2000.05.15"]
[Round "1"]
[White "Sareen,V"]
[Black "Sriram,J"]
[Result "1/2-1/2"]
[WhiteElo "2351"]
[BlackElo "2356"]

1.d4 d5 2.Nf3 Nf6 3.c4 c6 4.Nc3 dxc4 5.a4 Bf5 6.Ne5 e6 7.f3 Bb4 8.e4 Bxe4
9.fxe4 Nxe4 10.Qf3 Qxd4 11.Qxf7+ Kd8 12.Bg5+ Nxg5 13.Qxg7 Bxc3+ 14.bxc3 Qxc3+
15.Ke2 Qc2+ 16.Ke1 Qc3+ 17.Ke2  1/2-1/2

[Event "Open"]
[Site "Pula CRO"]
[Date "2000.05.16"]
[Round "1"]
[White "Tukmakov,V"]
[Black "Kekic,A"]
[Result "1-0"]
[WhiteElo "2574"]
[BlackElo "2192"]

1.Nf3 d5 2.d4 Nf6 3.c4 c6 4.Nc3 dxc4 5.a4 Bf5 6.Nh4 Bg4 7.h3 Bh5 8.g4 Bg6
9.Nxg6 hxg6 10.e3 Nbd7 11.Bxc4 e6 12.f4 Bb4 13.Qf3 Qa5 14.Bd2 Rd8 15.O-O O-O
16.Be1 Rfe8 17.g5 Nd5 18.e4 Ne7 19.Bf2 Nb6 20.Bb3 c5 21.Nb5 cxd4 22.Nc7 Nc4
23.Nxe8 Nd2 24.Qd3 Nxf1 25.Nf6+ gxf6 26.gxf6 Nc6 27.Rxf1 Bf8 28.e5 Nb4 29.Qg3 Qa6
30.f5 Qd3 31.fxe6 Qxg3+ 32.Bxg3 fxe6 33.Bxe6+ Kh7 34.Bb3  1-0

[Event "Open"]
[Site "Pula CRO"]
[Date "2000.05.23"]
[Round "8"]
[White "Tukmakov,V"]
[Black "Marinsek,T"]
[Result "1-0"]
[WhiteElo "2574"]
[BlackElo "2184"]

1.Nf3 d5 2.d4 Nf6 3.c4 dxc4 4.Nc3 c6 5.a4 Bf5 6.Nh4 Bg6 7.Nxg6 hxg6 8.e4 e6
9.Bxc4 Bb4 10.f3 Nbd7 11.O-O Qc7 12.g3 Rd8 13.Qe2 Nb6 14.Bf4 Qe7 15.Rfd1 Nxc4
16.Qxc4 Nd7 17.a5 O-O 18.Kg2 Nb8 19.e5 Na6 20.h4 Qc7 21.Ne4 Rd5 22.h5 gxh5
23.Rh1 Rfd8 24.Rxh5 Rxd4 25.Rah1 Kf8 26.Bg5 Rd2+ 27.Nxd2 Rxd2+ 28.Bxd2 Bxd2
29.Rh8+ Ke7 30.Qh4+ g5 31.Qh6  1-0

[Event "Bank Pocztowy Open"]
[Site "Bydgoszcz POL"]
[Date "2000.05.31"]
[Round "4"]
[White "Utnasunov,A"]
[Black "Kludacz,M"]
[Result "0-1"]
[WhiteElo "2175"]
[BlackElo "2261"]

1.d4 d5 2.c4 c6 3.Nc3 Nf6 4.Nf3 dxc4 5.a4 Bf5 6.e3 e6 7.Bxc4 Bb4 8.O-O Nbd7
9.Qe2 Bg6 10.e4 Bxc3 11.bxc3 Nxe4 12.Ba3 Qc7 13.Rfc1 O-O-O 14.Be7 Rde8 15.Bh4 f5
16.a5 Kb8 17.Ne5 Nxe5 18.dxe5 Qxe5 19.f3 Qc5+ 20.Kh1 Nd6 21.Ra4 Nxc4 22.Rxc4 Qb5
23.Qd3 Ka8 24.Bf2 c5 25.a6 Qxa6 26.Qf1 f4 27.Ra1 Bd3 28.Qxd3 Qxa1+ 29.Bg1 Rd8
30.Qe2 Rd1 31.Qf2 b6 32.Rxf4 Rhd8 33.Rf7 Rxg1+  0-1

[Event "ch-IND"]
[Site "Mumbai IND"]
[Date "2000.06.02"]
[Round "16"]
[White "Ravi,L"]
[Black "Sundararajan,K"]
[Result "1/2-1/2"]
[WhiteElo "2391"]
[BlackElo "2433"]

1.d4 d5 2.c4 c6 3.Nc3 Nf6 4.Nf3 dxc4 5.a4 Bf5 6.Ne5 Nbd7 7.Nxc4 Qc7 8.g3 e5
9.dxe5 Nxe5 10.Bf4 Nfd7 11.Bg2 f6 12.O-O Nc5 13.e4 Bg6 14.Qe2 Be7 15.Nxe5 fxe5
16.Be3 Bf7 17.f4 O-O 18.Kh1 Rad8 19.f5 Nb3 20.Rae1 Nd4 21.Qf2 Bb3 22.Rc1 Qa5
23.h4 Bc4 24.Rfe1 Nb3 25.Rcd1 Bc5 26.Bf1 Bxf1 27.Qxf1 Qb4 28.Bg5 Rxd1 29.Rxd1 h6
30.Rd7 Rf7 31.Rd8+ Rf8 32.Rd7 Rf7 33.Rd8+ Rf8  1/2-1/2

[Event "FSGM June"]
[Site "Budapest HUN"]
[Date "2000.06.03"]
[Round "1"]
[White "Postny,E"]
[Black "Almasi,I"]
[Result "1/2-1/2"]
[WhiteElo "2424"]
[BlackElo "2420"]

1.d4 d5 2.c4 c6 3.Nf3 Nf6 4.Nc3 dxc4 5.a4 Bf5 6.Ne5 e6 7.f3 Bb4 8.Nxc4 O-O
9.Qb3 c5 10.dxc5 Nc6 11.Be3 Nd5 12.Bf2 Na5 13.Nxa5 Qxa5 14.Rc1 Nxc3 15.bxc3 Bxc5
16.Qb5 Qxb5 17.axb5 Ba3 18.Rd1 Bc2 19.Rd2 Bb3 20.e4 Bc1 21.Rd3 Bb2 22.Bd4 a5
23.bxa6 Rxa6 24.Kf2 Ra1 25.Rd2 Bc1 26.Be2 Rfa8 27.c4 Bxd2 28.Rxa1 Rxa1 29.Bxa1 f6
30.Bd4 e5 31.Bc5 Kf7  1/2-1/2

[Event "Bank Pocztowy Open"]
[Site "Bydgoszcz POL"]
[Date "2000.06.03"]
[Round "6"]
[White "Bogdanov,Val"]
[Black "Vysochin,S"]
[Result "1/2-1/2"]
[WhiteElo "2425"]
[BlackElo "2494"]

1.d4 d5 2.c4 c6 3.Nc3 Nf6 4.Nf3 dxc4 5.a4 Bf5 6.Ne5 Nbd7 7.Nxc4 Qc7 8.g3 e5
9.dxe5 Nxe5 10.Bf4 Nfd7 11.Bg2 f6 12.Qc1 Be7 13.Nxe5 Nxe5 14.Nd5 Qd8 15.Nxe7 Qxe7
16.O-O O-O 17.a5 a6 18.Qc3 Ng6 19.Be3 Rfe8 20.Ra4 Qf7 21.Re1 Ne7 22.Bc5 Nd5
23.Qc1 Nc7 24.e4 Be6 25.Bb6 Nb5 26.h4 Re7 27.Bf1 Rae8 28.Re3 Kh8 29.e5 Bd5
30.exf6 Rxe3 31.Bxe3 Qxf6 32.Rf4 Qd8 33.Qc5 Kg8 34.b4 Nc7 35.Qb6 Qc8 36.Kh2 Be6
37.Re4 Nd5 38.Qc5 Nf6 39.Rf4 Qd7 40.Qd4 Bd5 41.Bh3 Qe7 42.Qc5 Qe5 43.Qd4 Qh5
44.Rf5 Qe2 45.Rf4 Qe1 46.Bg2 Bxg2 47.Kxg2 Nd5 48.Re4 Rxe4 49.Qxe4 Qxb4 50.Qe6+ Kf8
51.Qf5+ Kg8 52.Qe6+  1/2-1/2

[Event "Parkroyal Int"]
[Site "Surfers Paradise AUS"]
[Date "2000.06.10"]
[Round "4"]
[White "Caoili,A"]
[Black "Saw,G"]
[Result "1/2-1/2"]
[WhiteElo "2078"]
[BlackElo "2264"]

1.d4 d5 2.Nf3 Nf6 3.c4 c6 4.Nc3 dxc4 5.a4 Bf5 6.Nh4 e6 7.Nxf5 exf5 8.e3 a5
9.Bxc4 Na6 10.h3 Qd7 11.O-O Nb4 12.Qb3 Bd6 13.Rd1 O-O 14.Bd2 h6 15.Be1 Qe7
16.d5 Qe5 17.g3 g5 18.dxc6 bxc6 19.Ne2 Ne4 20.Bc3 Qe7 21.Nd4 Qd7 22.Re1 Rab8
23.Qd1 Be5 24.Qh5 Bg7 25.Rad1 Nd5 26.Nxc6 Qxc6 27.Bxd5 Qxa4 28.Bd4 Qc2 29.Bxe4 Qxe4
30.Bxg7 Kxg7 31.Rd6 Rh8 32.Rd7 Qe6 33.Red1 Rb6 34.Ra7 Ra6 35.Rb7 Rb6 36.Ra7 Ra6
37.Rb7 Rb6 38.Ra7 Ra6 39.Rdd7 Rxa7 40.Rxa7 Qd5 41.Ra6  1/2-1/2

[Event "FSGM June"]
[Site "Budapest HUN"]
[Date "2000.06.15"]
[Round "13"]
[White "Lazarev,V"]
[Black "Jakab,A"]
[Result "1-0"]
[WhiteElo "2493"]
[BlackElo "2354"]

1.d4 d5 2.c4 c6 3.Nf3 Nf6 4.Nc3 dxc4 5.a4 Bf5 6.Ne5 e6 7.f3 Bb4 8.e4 Bxe4
9.fxe4 Nxe4 10.Bd2 Qxd4 11.Nxe4 Qxe4+ 12.Qe2 Bxd2+ 13.Kxd2 Qd5+ 14.Kc2 Na6
15.Nxc4 O-O 16.Qe5 Rfd8 17.Be2 f6 18.Qxd5 cxd5 19.Na5 Rdc8+ 20.Kb1 Nb4 21.Nxb7 Rab8
22.Na5 Rc2 23.Re1 d4 24.Ra3 Rxb2+ 25.Kxb2 Nd3+ 26.Ka2 Nxe1 27.Nc6 Re8 28.g3 e5
29.Rb3 Kf7 30.Rb1 Ng2 31.Rb7+ Ke6 32.Rxa7 Kd5 33.Nb4+ Kc5 34.Kb3 e4 35.Rc7+ Kd6
36.Rc6+ Ke5 37.Rc5+ Ke6 38.Bc4+ Ke7 39.Rc7+ Kd6 40.Rc6+ Ke7 41.Re6+ Kd7 42.Rxe8 Kxe8
43.a5 Kd7 44.a6 Kc7 45.Bd5  1-0

[Event "White Nights Men"]
[Site "St Petersburg RUS"]
[Date "2000.06.25"]
[Round "3"]
[White "Bagirov,R"]
[Black "Mirzoev,A"]
[Result "0-1"]
[WhiteElo "2481"]
[BlackElo "2438"]

1.d4 Nf6 2.c4 c6 3.Nc3 d5 4.Nf3 dxc4 5.a4 Bf5 6.Ne5 e6 7.f3 Bb4 8.Nxc4 O-O
9.Bg5 h6 10.Bh4 c5 11.dxc5 Qxd1+ 12.Kxd1 Rd8+ 13.Kc1 Bxc5 14.e4 Bh7 15.b3 Nc6
16.Kb2 g5 17.Be1 Bd4 18.Be2 Nh5 19.g3 g4 20.Bd2 Nf6 21.Rhe1 gxf3 22.Bxf3 Ne5
23.Nxe5 Bxe5 24.Kc2 Rac8 25.Rac1 Nd5  0-1

[Event "AKN Open"]
[Site "Haarlem NED"]
[Date "2000.07.02"]
[Round "6"]
[White "Ragozin,E"]
[Black "Oosterom,E"]
[Result "1-0"]
[WhiteElo "2475"]
[BlackElo "2194"]

1.d4 d5 2.c4 c6 3.Nc3 Nf6 4.Nf3 dxc4 5.a4 Bf5 6.e3 e6 7.Bxc4 Bb4 8.O-O O-O
9.Qe2 Nbd7 10.e4 Bg6 11.Bd3 h6 12.Bf4 Re8 13.e5 Nd5 14.Nxd5 cxd5 15.Bxg6 fxg6
16.Qb5 a5 17.Qxb7 Rb8 18.Qa6 g5 19.Be3 g4 20.Ne1 Bxe1 21.Rfxe1 Rxb2 22.Rec1 Qb6
23.Qd3 Nf8 24.Qd1 h5 25.Ra3 Rb8 26.h3 gxh3 27.Qxh5 Rb1 28.Ra1 Rxa1 29.Rxa1 hxg2
30.Kxg2 Qb2 31.Rh1 Qc2 32.Qh8+ Kf7 33.Rh3 Ke8 34.Qxg7 Rb1 35.Rf3 Qg6+ 36.Qxg6+ Nxg6
37.Rf6 Nh4+ 38.Kh3 Rh1+ 39.Kg4  1-0

[Event "ch-USA Junior"]
[Site "Catonsville USA"]
[Date "2000.07.08"]
[Round "2"]
[White "Zaremba,An"]
[Black "Martinez,Marce"]
[Result "0-1"]
[WhiteElo "2337"]
[BlackElo "2349"]

1.d4 d5 2.c4 c6 3.Nc3 Nf6 4.Nf3 dxc4 5.a4 Bf5 6.Ne5 Na6 7.f3 Nd7 8.Nxc4 e5
9.e4 exd4 10.Qxd4 Nb4 11.Ne3 Be6 12.Bc4 Bxc4 13.Qxc4 Ne5 14.Qb3 Ned3+ 15.Kf1 Nxc1
16.Rxc1 Qd3+ 17.Kf2 Qd2+ 18.Ne2 Nd3+ 19.Kg3 Bd6+ 20.Kh3 Qxe3 21.Qxb7 Nf2+
22.Kh4 Qh6+  0-1

[Event "ch-SCCF"]
[Site "Los Angeles USA"]
[Date "2000.07.09"]
[Round "3"]
[White "Ambarcumjan,A"]
[Black "Lakdawala,C"]
[Result "0-1"]
[WhiteElo "2377"]
[BlackElo "2441"]

1.d4 d5 2.c4 c6 3.Nf3 Nf6 4.Nc3 dxc4 5.a4 Bf5 6.Ne5 Nbd7 7.Nxc4 Qc7 8.g3 e5
9.dxe5 Nxe5 10.Bf4 Nfd7 11.Bg2 f6 12.O-O Nc5 13.e4 Bg6 14.Qe2 Bf7 15.Nxe5 fxe5
16.Be3 Be7 17.f4 exf4 18.gxf4 O-O 19.Kh1 Rad8 20.Bf3 Nb3 21.Rad1 Bc5 22.Bxc5 Nxc5
23.e5 Rxd1 24.Rxd1 Bb3 25.Rd4 Ne6 26.Rb4 Nxf4 27.Qe3 Qf7 28.e6 Bxe6 29.Rxf4 Qxf4
30.Qxe6+ Kh8 31.Be2 g6 32.Qe4 Kg7 33.Qe7+ Rf7 34.Qc5 a6 35.Kg2 Kh6 36.b3 Rf5
37.Qb6 Rg5+ 38.Kh3 Qf5+ 39.Kh4 Qe5 40.Qf2 Rf5  0-1

[Event "ch-NOR"]
[Site "Asker NOR"]
[Date "2000.07.12"]
[Round "6"]
[White "Johannessen,LE"]
[Black "Djurhuus,R"]
[Result "0-1"]
[WhiteElo "2431"]
[BlackElo "2484"]

1.d4 d5 2.c4 c6 3.Nf3 Nf6 4.Nc3 dxc4 5.a4 Bf5 6.Ne5 e6 7.f3 Bb4 8.e4 Bxe4
9.fxe4 Nxe4 10.Bd2 Qxd4 11.Nxe4 Qxe4+ 12.Qe2 Bxd2+ 13.Kxd2 Qd5+ 14.Kc2 Na6
15.Nxc4 O-O 16.Qf3 Rad8 17.Qxd5 cxd5 18.Na5 Rc8+ 19.Kb3 Nc5+ 20.Ka3 b6 21.Nb3 Nxb3
22.Kxb3 a5 23.Ba6 Rc5 24.Rac1 Ra8 25.Bb5 Rac8 26.Rc3 Kf8 27.g4 h6 28.h4 Ke7
29.g5 Rh8 30.Rhc1 hxg5 31.hxg5 Kd6 32.Rf1 Rxc3+ 33.Kxc3 Ke7 34.Kd2 Rh2+ 35.Be2 e5
36.Rc1 Kd7 37.Ke1 Rh1+ 38.Bf1 e4 39.Kf2 Kd6 40.Rc8 Rh2+ 41.Bg2 Rh5 42.Rf8 Rxg5
43.Rxf7 e3+  0-1

[Event "ch-SCO"]
[Site "Glasgow SCO"]
[Date "2000.07.15"]
[Round "1"]
[White "Berry,N"]
[Black "Shaw,J"]
[Result "0-1"]
[WhiteElo "2247"]
[BlackElo "2435"]

1.d4 d5 2.c4 c6 3.Nf3 Nf6 4.Nc3 dxc4 5.a4 Bf5 6.e3 e6 7.Bxc4 Bb4 8.O-O O-O
9.Nh4 Nbd7 10.Nxf5 exf5 11.Qc2 Nb6 12.Bb3 Qd7 13.f3 Rfe8 14.Kh1 a5 15.Qf2 Nbd5
16.Nxd5 Nxd5 17.Bc2 Nf6 18.Bd2 Bxd2 19.Qxd2 Nd5 20.e4 Nb4 21.Rad1 Rad8 22.exf5 c5
23.d5 Qxd5 24.Qxd5 Nxd5 25.Be4 Ne3 26.Rxd8 Rxd8 27.Re1 Rd1 28.Rxd1 Nxd1 29.b3 b6
30.Kg1 Nb2 31.Bd5 Nd3 32.Kf1 Kf8 33.Bc4 Nb4 34.Ke2 Ke7 35.Ke3 f6 36.Ke4 Kd6
37.g4 Nc6 38.f4 h6 39.h3 Nd4 40.h4 Kc6 41.Bd5+ Kc7 42.Bc4 Kd6 43.Ke3 Kc6
44.Ke4 b5 45.axb5+ Nxb5 46.Kd3 Nd6 47.Ba6 Kb6 48.Bc4 Kc6 49.Ba6 Nb5 50.Kc4 Nc7
51.Bc8 Na8 52.Ba6 Nb6+ 53.Kd3 a4 54.bxa4 Nxa4 55.Kc4 Nb6+ 56.Kd3 Nd5 57.Ke4 Nc3+
58.Kd3 Nb5 59.Bc8 c4+ 60.Kd2 Kc5 61.Ba6 Nc7 62.Bb7 Kd4 63.Bc6 Na6 64.g5 c3+
65.Ke2 Nb4 66.gxh6 gxh6 67.Bb5 Nd5 68.Kd1 Nxf4 69.Kc2 Ng2 70.h5 Ne3+ 71.Kc1 Nxf5
72.Be2 Ne3 73.Bf3 f5 74.Bc6 f4 75.Bb7 Nd5  0-1

[Event "ch-Paris"]
[Site "Paris FRA"]
[Date "2000.07.18"]
[Round "4"]
[White "Cheparinov,I"]
[Black "Mullon,J"]
[Result "1/2-1/2"]
[WhiteElo "2189"]
[BlackElo "2296"]

1.d4 d5 2.c4 c6 3.Nf3 Nf6 4.Nc3 dxc4 5.a4 Bf5 6.e3 e6 7.Bxc4 Bb4 8.O-O Nbd7
9.Nh4 O-O 10.Nxf5 exf5 11.Bd2 Qe7 12.Qb3 Bd6 13.f3 Nh5 14.Ne2 Rab8 15.Bd3 g6
16.Rae1 c5 17.g3 Qd8 18.Rc1 a6 19.a5 b5 20.axb6 Rxb6 21.Qc2 Qb8 22.Bc3 Qb7
23.Qd2 Re8 24.Rf2 Bf8 25.Nf4 Nxf4 26.gxf4 Bg7 27.dxc5 Nxc5 28.Bxg7 Nxd3 29.Qxd3 Kxg7
30.Qd4+ Kg8 31.Rfc2 Rbe6 32.Re2 Qe7 33.Kf2 Qh4+ 34.Kg2 Qe7 35.Rce1  1/2-1/2

[Event "10th Open"]
[Site "Jyvaskyla FIN"]
[Date "2000.07.21"]
[Round "6"]
[White "Solozhenkin,E"]
[Black "Karttunen,M"]
[Result "1/2-1/2"]
[WhiteElo "2504"]
[BlackElo "2399"]

1.d4 d5 2.c4 c6 3.Nf3 Nf6 4.Nc3 dxc4 5.a4 Bf5 6.Nh4 Bc8 7.e3 e5 8.Bxc4 exd4
9.exd4 Be7 10.O-O O-O 11.Re1 Nd5 12.Nf3 Bg4 13.h3 Bxf3 14.Qxf3 Nb6 15.Bb3 Bb4
16.Re4 N6d7 17.Rg4 Nf6 18.Bg5 Be7 19.Re1 Nbd7 20.Rh4 Qa5 21.Rxe7 Qxg5 22.Rf4 Qg6
23.Ne4 Rae8 24.Nxf6+ Nxf6 25.Rxb7 Re1+ 26.Kh2 Qb1 27.g3 a5 28.Bc4 Rc1 29.Bd3 Qa1
30.b3 Qc3 31.Rxf6 Qe1 32.h4 gxf6 33.Be4 Qg1+ 34.Kh3 Qf1+ 35.Kh2 Qg1+ 36.Kh3 Qf1+
37.Kh2 Qg1+  1/2-1/2

[Event "ch-Paris"]
[Site "Paris FRA"]
[Date "2000.07.21"]
[Round "7"]
[White "Malinin,V"]
[Black "Cheparinov,I"]
[Result "0-1"]
[WhiteElo "2338"]
[BlackElo "2189"]

1.d4 d5 2.c4 c6 3.Nf3 Nf6 4.Nc3 dxc4 5.a4 Bf5 6.Ne5 e6 7.h3 Bb4 8.e4 Bxe4
9.f3 Nd5 10.Qd2 Qh4+ 11.Kd1 Bg6 12.Bxc4 Nf6 13.Qe3 Nbd7  0-1

[Event "It"]
[Site "Bergen NOR"]
[Date "2000.07.22"]
[Round "2"]
[White "Tallaksen,G"]
[Black "Hersvik,D"]
[Result "1/2-1/2"]
[WhiteElo "2221"]
[BlackElo "2172"]

1.d4 d5 2.Nf3 Nf6 3.c4 c6 4.Nc3 dxc4 5.a4 Bf5 6.e3 e6 7.Bxc4 Bb4 8.O-O Nbd7
9.Qe2 Bg6 10.Bd2 O-O 11.Ne4 Bxd2 12.Nexd2 Qc7 13.Rfd1 e5 14.dxe5 Nxe5 15.Nxe5 Qxe5
16.Nf3 Qe7 17.Bd3 Bh5 18.e4 Rfe8 19.Re1 Rad8 20.Rad1 Qb4 21.e5 Nd5 22.Qe4 Qxe4
23.Bxe4 Nf4 24.g3 Rxd1 25.Rxd1 Bxf3 26.Bxf3 Ng6 27.Bg2 Rxe5 28.Rd7 Re7 29.Rd8+ Nf8
30.Ra8 a6 31.Rb8 f6 32.Bh3 Kf7 33.Bc8 Nd7 34.Rxb7 Nc5 35.Rb6 Rc7 36.Bxa6 Nxa4
37.Rb7 Rxb7 38.Bxb7 c5 39.b3 Nc3 40.Kg2 Ke6 41.Kf3 Nb5 42.Ba6 Nd6 43.Bd3 h6
44.Ke3 Kd5 45.Bc2 Nb5 46.Be4+ Ke5 47.f4+ Ke6 48.Kd3 Nd6 49.Bg2 Kf5 50.Bh3+ Kg6
51.Bg4 h5 52.Bf3 h4 53.Bg4 f5 54.Bf3 hxg3 55.hxg3 Kf6 56.Bd5 g5 57.fxg5+ Kxg5
58.Bf3 Kf6 59.Ke3 Ke5 60.Kd3 Nf7 61.Kc4 Kd6 62.Bg2 Ne5+ 63.Kc3 Nf7 64.b4 cxb4+
65.Kxb4 Ng5 66.Kc3 Ke5 67.Kd3 Ne6 68.Bh3 Nf4+ 69.gxf4+ Kxf4 70.Bxf5 Kxf5  1/2-1/2

[Event "It"]
[Site "Bergen NOR"]
[Date "2000.07.22"]
[Round "2"]
[White "Johannessen,LE"]
[Black "Hanley,C"]
[Result "1-0"]
[WhiteElo "2422"]
[BlackElo "2294"]

1.d4 d5 2.c4 c6 3.Nf3 Nf6 4.Nc3 dxc4 5.a4 Bf5 6.Ne5 Nbd7 7.Nxc4 Qc7 8.g3 e5
9.dxe5 Nxe5 10.Bf4 Nfd7 11.Bg2 f6 12.O-O Be6 13.b3 Bb4 14.Qc2 O-O 15.Nxe5 fxe5
16.Be3 Nf6 17.Ne4 Nxe4 18.Bxe4 h6 19.Rfd1 a5 20.Bd5 Bxd5 21.Rxd5 Rad8 22.Rdd1 Rxd1+
23.Rxd1 Rd8 24.f3 Rd6 25.Kf2 Qd7 26.Qc4+ Kh8 27.Rxd6 Qxd6 28.Qd3 Qe6 29.Kg2 Kg8
30.Bb6 Kf7 31.g4 Qd5 32.Qf5+ Ke7 33.Qc8 c5 34.Qf5 Bc3 35.Qg6 Kf8 36.Qd3 Qc6
37.Qxc3 Qxb6 38.Qxe5 Qb4 39.Qd6+ Kg8 40.Qd5+ Kh8 41.Kf1 b6 42.h4  1-0

[Event "10th Open"]
[Site "Jyvaskyla FIN"]
[Date "2000.07.22"]
[Round "8"]
[White "Kilpi,T"]
[Black "Holmsgaard,H"]
[Result "0-1"]
[WhiteElo "2147"]
[BlackElo "2274"]

1.d4 d5 2.c4 c6 3.Nf3 Nf6 4.Nc3 dxc4 5.a4 Bf5 6.e3 e6 7.Bxc4 Bb4 8.O-O O-O
9.Qe2 Nbd7 10.Ne5 c5 11.Na2 Nb6 12.Nxb4 cxb4 13.Bd3 Bxd3 14.Qxd3 a5 15.e4 Qd6
16.b3 Rfd8 17.Rd1 Rac8 18.Bb2 Nfd7 19.Nf3 Qf4 20.Qe2 Nf6 21.Re1 Nbd7 22.Rad1 Nf8
23.Ne5 Ng6 24.Nxg6 hxg6 25.Rd3 Qxe4 26.Qxe4 Nxe4 27.Rxe4 Rc2 28.Kf1 Rxb2
29.Re2 Rb1+ 30.Re1 Rxe1+ 31.Kxe1 e5 32.Re3 exd4 33.Re7 b6 34.Rb7 Rd6 35.Rb8+ Kh7
36.Rc8 g5 37.Kd2 d3 38.f3 Kg6 39.Rc7 Kf6 40.Rc4 g6 41.Rc8 Kf5 42.Rc7 f6 43.Rc4 Ke6
44.Rc7 f5 45.Rc8 Kd7 46.Rc4 Rc6 47.Rd4+ Kc7 48.Rxd3 Rd6  0-1

[Event "MTO Open"]
[Site "Biel SUI"]
[Date "2000.07.25"]
[Round "2"]
[White "Kempinski,R"]
[Black "Sundararajan,K"]
[Result "1/2-1/2"]
[WhiteElo "2498"]
[BlackElo "2404"]

1.d4 d5 2.c4 c6 3.Nf3 Nf6 4.Nc3 dxc4 5.a4 Bf5 6.Ne5 Nbd7 7.Nxc4 Qc7 8.Bg5 e5
9.Bxf6 gxf6 10.e3 Rd8 11.Qf3 Be6 12.Rd1 Be7 13.Qg3 Nb6 14.Nd2 Kf8 15.Qh4 h5
16.dxe5 fxe5 17.Qe4 Nd5 18.Qc2 Nb4 19.Qb1 Rg8 20.g3 h4 21.Be2 Bh3 22.Qh7 Rg7
23.Qh8+ Rg8 24.Qh6+ Rg7 25.Qh8+ Rg8 26.Qh6+ Rg7 27.Qh8+  1/2-1/2

[Event "KB Czech Open"]
[Site "Pardubice CZE"]
[Date "2000.07.26"]
[Round "6"]
[White "Duppel,M"]
[Black "Meduna,E"]
[Result "1/2-1/2"]
[WhiteElo "2376"]
[BlackElo "2482"]

1.d4 d5 2.c4 c6 3.Nf3 Nf6 4.Nc3 dxc4 5.a4 Bf5 6.e3 e6 7.Bxc4 Bb4 8.O-O Nbd7
9.Nh4 Bg4 10.f3 Bh5 11.g4 Bg6 12.Ng2 O-O 13.e4 c5 14.Na2 Ba5 15.dxc5 Bc7
16.Be3 Qe7 17.b4 a5 18.Qb3 Rfc8 19.Rac1 axb4 20.Bb5 Ba5 21.Nxb4 Nxc5 22.Qc4 Qd8
23.Rfd1 Ncd7 24.Qb3 Rxc1 25.Bxc1 Qe7 26.Nd3 Nc5 27.Qa3 b6 28.Be3 Rd8 29.Rc1 h5
30.g5 Nfxe4 31.fxe4 Bxe4 32.Nxc5 Bd2 33.Bxd2 Rxd2 34.Bf1 Bxg2 35.Bxg2 Qxg5
36.Qg3 Rxg2+ 37.Kxg2 Qxc1 38.Qb8+ Kh7 39.Qxb6 Qd2+ 40.Kg1 Qe1+ 41.Kg2 Qe2+
42.Kg1 Qe1+  1/2-1/2

[Event "MTO Open"]
[Site "Biel SUI"]
[Date "2000.07.28"]
[Round "5"]
[White "Kuemin,S"]
[Black "Astengo,C"]
[Result "1/2-1/2"]
[WhiteElo "2259"]
[BlackElo "2150"]

1.Nf3 Nf6 2.c4 c6 3.Nc3 d5 4.d4 dxc4 5.a4 Bf5 6.e3 e6 7.Bxc4 Bb4 8.O-O Nbd7
9.Qe2 Bg6 10.e4 O-O 11.Bd3 Bh5 12.e5 Nd5 13.Nxd5 cxd5 14.Bf4 Rc8 15.Rfc1 Qe7
16.Qe3 Bxf3 17.Qxf3 f6 18.Rxc8 Rxc8 19.exf6 Qxf6 20.Qe3 Nb8 21.Be5 Qf7 22.Be2 Nc6
23.Bg4 Re8 24.Rc1 Ba5 25.h3 Nxe5 26.Qxe5 Qf6 27.Qxf6 gxf6 28.Rc8 Rxc8 29.Bxe6+ Kf8
30.Bxc8 b5 31.axb5 Bb6 32.Be6 Bxd4 33.b3 Kg7 34.Bxd5 Bc5 35.g3 Bb4 36.Kg2 Bc5
37.Be4 h6 38.Kf3 Bb6 39.Bf5 Bc5 40.Ke2 Bd6  1/2-1/2

[Event "HZ Open"]
[Site "Vlissingen NED"]
[Date "2000.07.30"]
[Round "4"]
[White "Mikhalevski,V"]
[Black "Sokolov,I"]
[Result "0-1"]
[WhiteElo "2532"]
[BlackElo "2611"]

1.d4 Nf6 2.c4 c6 3.Nf3 d5 4.Nc3 dxc4 5.a4 Bf5 6.Ne5 Nbd7 7.Nxc4 Nb6 8.Ne5 a5
9.f3 Nfd7 10.Nxd7 Nxd7 11.e4 Bg6 12.h4 h5 13.f4 e6 14.Bc4 Nf6 15.f5 exf5
16.e5 Ng4 17.Bf4 Bb4 18.Qd3 O-O 19.O-O-O Nf2 20.Qg3 Nxd1 21.Qxg6 Qxd4 22.Bh6 Qg4
23.Qxg4 hxg4 24.Nxd1 gxh6 25.Ne3 Rae8 26.Nxf5 Rxe5 27.Rf1 Rc5  0-1